12 Chinese Zodiac Signs in Chinese - Statistics

General Stats
  • This quiz has been taken 39 times
  • The average score is 7 of 12
Answer Stats
Hint Answer % Correct
ox 牛/niu2/niu
86%
dragon 龙/Long2/Long
79%
horse 马/Ma3/Ma
79%
pig 猪/zhu1/zhu
64%
dog 狗/Gou3/Gou
64%
monkey 猴/Hou2/Hou
64%
rat 鼠/Shu3/Shu
64%
snake 蛇/She2/She
57%
tiger 虎/老虎/Lao3 hu3/Lao hu
50%
goat 羊/山羊/Shan1 yang2/Shan yang
36%
rabbit 兔/兔子/Tu4zi3/Tu zi
36%
rooster 鷄/公鷄/公鸡/Gong1ji1/Gong ji
21%
No matching quizzes found
Score Distribution
Percent of People with Each Score
Percentile by Number Answered
Your Score History
You have not taken this quiz